000 01814nam2a22002651 4500
001 RU\NLR\INFOCOMM10\1000222073
005 20040406164928.0
035 _a(NLR Aleph) 002480372
090 _a2418423
_c2418423
100 _a20040406d1981 |||y0rusy50 ca
101 0 _arus
102 _aRU
105 _ay |||||||||
200 1 _aЛенинградское книготорговое объединение "Ленкнига"
_fН.А. Дружининский, С.Г. Яцыкова
210 _d1981
461 0 _1001RU\NLR\INFOCOMM10\1000222048
_12001#$aКнижная торговля$eОбзорная информация$fГос. ком. Совета Министров СССР по делам изд-в, полиграфии и книжной торговли. Всесоюз. книжная палата. ЦБНТИ и техн.-экон. исследований по полиграф. пром-сти, издательскому делу и книжной торговле (ЦБНТИ по печати)$v1981, Вып.1(41)
_92418212
_cМ.
_d1977-
_fГос. ком. Совета Министров СССР по делам изд-в, полиграфии и книжной торговли. Всесоюз. книжная палата. ЦБНТИ и техн.-экон. исследований по полиграф. пром-сти, издательскому делу и книжной торговле (ЦБНТИ по печати)
_nКнига
_oОбзорная информация
_tКнижная торговля
_v1981, Вып.1(41)
700 1 _aДружининский
_bН. А.
_4070
701 1 _aЯцыкова
_bС. Г.
_4070
801 0 _aRU
_bNLR
_gPSBO
801 1 _aRU
_bInfoComm
_c20040406
852 _aNLR
_jП1/433
942 _cISSUE
980 _aNB
980 _aRUSPER